|
|
|
|
| LEADER |
01438nam a2200301 a 4500 |
| 001 |
0020892 |
| 003 |
BD-DhAAL |
| 008 |
100927s1950 bg w 000 0 eng d |
| 040 |
|
|
|a BD-DhAAL
|c BD-DhAAL
|
| 082 |
0 |
0 |
|a 348.5492046
|2 22
|
| 130 |
0 |
|
|a DLR
|9 4030
|
| 245 |
0 |
0 |
|a Table and index of cases of the Dacca law reports.
|n Volume II.
|
| 246 |
1 |
7 |
|a The Dhaka Law Reports.
|
| 260 |
|
|
|a Dacca [Bangladesh] :
|b Dacca Law Reports,
|c 1950.
|
| 300 |
|
|
|a iii, 401 p. :
|c 25 cm
|
| 362 |
0 |
|
|a Vol. 2 (1950)
|
| 500 |
|
|
|a "A journal of law reports."
|
| 500 |
|
|
|a Latest issue consulted: Vol. 2,January to December,1950
|
| 526 |
|
|
|a SOL
|x Saira Rahman Khan,
Associate Professor
School of Law
BRAC University
|
| 541 |
|
|
|e 0020892, 0022280
|a Anupam Gyan Bhandar
|
| 590 |
|
|
|a Published yearly.
|
| 650 |
|
0 |
|a Law reports, digests, etc.
|z Bangladesh.
|9 4031
|
| 650 |
|
0 |
|a Law reports, digests, etc.
|z India
|z Bengal.
|9 4032
|
| 852 |
4 |
|
|a Ayesha Abed Library
|
| 942 |
|
|
|2 ddc
|c 1HOUR
|0 1
|
| 999 |
|
|
|c 10644
|d 10644
|
| 952 |
|
|
|0 0
|1 0
|2 ddc
|4 0
|6 348_549204600000000_DAC
|7 0
|8 REF
|9 16011
|a BRACUL
|b BRACUL
|c REF
|d 2011-04-07
|l 2
|o 348.5492046 DAC
|p 3010022280
|r 2015-11-08
|s 2015-11-08
|t 2
|w 2011-04-07
|y 1HOUR
|
| 952 |
|
|
|0 0
|1 0
|2 ddc
|4 0
|6 348_549204600000000_DAC
|7 0
|8 REF
|9 23988
|a BRACUL
|b BRACUL
|c REF
|d 2014-03-20
|e Anupam Gyan Bhandar
|l 0
|o 348.5492046 DAC
|p 3010020892
|r 2014-03-20
|t 1
|w 2014-03-20
|y 1HOUR
|x Requisitioned by Saira Rahman Khan, Associate Professor, School of Law, BRAC University.
|